An immigrant's dream and the audacity of hope: the 2004 convention addresses of Barack Obama and Arnold Schwarzenegger (Record no. 67775)

000 -LEADER
fixed length control field 00555pab a2200181 454500
008 - FIXED-LENGTH DATA ELEMENTS--GENERAL INFORMATION
fixed length control field 180718b2005 xxu||||| |||| 00| 0 eng d
100 ## - MAIN ENTRY--PERSONAL NAME
Personal name Elahi, Babak
245 ## - TITLE STATEMENT
Title An immigrant's dream and the audacity of hope: the 2004 convention addresses of Barack Obama and Arnold Schwarzenegger
260 ## - PUBLICATION, DISTRIBUTION, ETC.
Date of publication, distribution, etc. 2005
300 ## - PHYSICAL DESCRIPTION
Extent p.454-65.
362 ## - DATES OF PUBLICATION AND/OR SEQUENTIAL DESIGNATION
Dates of publication and/or sequential designation Nov
650 ## - SUBJECT ADDED ENTRY--TOPICAL TERM
Topical term or geographic name entry element Elections - United States
650 ## - SUBJECT ADDED ENTRY--TOPICAL TERM
Topical term or geographic name entry element United States. President - Elections
650 ## - SUBJECT ADDED ENTRY--TOPICAL TERM
Topical term or geographic name entry element Presidents
700 ## - ADDED ENTRY--PERSONAL NAME
Personal name Cos, Grant
773 ## - HOST ITEM ENTRY
Main entry heading American Behavioral Scientist
909 ## -
-- 67775
Holdings
Withdrawn status Lost status Damaged status Not for loan Permanent Location Current Location Date acquired Serial Enumeration / chronology Barcode Date last seen Price effective from Koha item type
        Indian Institute of Public Administration Indian Institute of Public Administration 2018-07-19 Volume no: 49, Issue no: 3 AR68231 2018-07-19 2018-07-19 Articles

Powered by Koha